000 00222nam a22000857a 4500
008 230810b |||||||| |||| 00| 0 eng d
020 _a9780590483452
100 _aGoosebumps (The Horror at Camp JellyJam
_97707
245 _aStine
999 _c12396
_d12396